000 00338 a2200157 4500
001 62893
020 _a
040 _cAnchieta - Pituba
100 _aLobo, Francisco Silveira
240 1 0 _aEducação a distância
_lpor
245 1 0 _aEducação a distância
300 _a102
362 0 _a2000
650 4 _aEducação
942 _cBK
999 _c62893
_d62893